00325 2200157 4500001002100000005001500021035002000036245002800056100001200084250000600096300001100102260002000113082000800133084001400141990001200155INLIS00000000000243420250604101447 a0010-06250000201 aTempe Benguk /cHaryoto0 aHaryoto a1 a43 hlm bKanisius,c2004 a600 a600 HAR t a0712285